|
|
|
|
| LEADER |
00000nas a2200000 i 4500 |
| 001 |
ssj0001342034 |
| 003 |
WaSeSS |
| 005 |
20200512172242.0 |
| 006 |
m d |
| 007 |
cr n |
| 008 |
130814c20129999it ar s u0 0eng c |
| 010 |
|
|
|a 2014269246
|
| 022 |
|
|
|a 2279-7149
|l 2279-7149
|
| 035 |
|
|
|a (WaSeSS)ssj0001342034
|
| 040 |
|
|
|a CNCGM
|b eng
|c CNCGM
|d CUS
|d OCLCQ
|d CUS
|d CUD
|d OCLCO
|d UBY
|d OCLCF
|d AU@
|d OCLCQ
|d WaSeSS
|
| 042 |
|
|
|a pcc
|
| 043 |
|
|
|a e------
|
| 050 |
|
4 |
|a HM623
|
| 210 |
0 |
|
|a J. early mod. studies
|
| 222 |
|
0 |
|a Journal of early modern studies
|
| 245 |
0 |
0 |
|a Journal of early modern studies
|h [electronic resource].
|
| 246 |
1 |
|
|a JEMS
|
| 260 |
|
|
|a Firenze :
|b Firenze University Press,
|c 2012-
|
| 310 |
|
|
|a Annual
|
| 362 |
1 |
|
|a Began with Vol 1 (2012)
|
| 500 |
|
|
|a "Journal of Early Modern Studies (JEMS) is an open access peer-reviewed international journal that promotes interdisciplinary research and discussion on issues concerning all aspects of early modern European culture."
|
| 506 |
|
|
|a License restrictions may limit access.
|
| 588 |
|
|
|a Description based on: Vol 1 (2012); title from journal home page, viewed 24 December 2014.
|
| 588 |
|
|
|a Latest issue consulted: Vol 3 (2014).
|
| 650 |
|
0 |
|a Culture
|x Study and teaching
|v Periodicals.
|
| 650 |
|
7 |
|a Civilization.
|2 fast
|0 (OCoLC)fst00862898
|
| 650 |
|
7 |
|a Culture
|x Study and teaching.
|2 fast
|0 (OCoLC)fst00885086
|
| 651 |
|
0 |
|a Europe
|x Civilization
|v Periodicals.
|
| 651 |
|
7 |
|a Europe.
|2 fast
|0 (OCoLC)fst01245064
|
| 655 |
|
0 |
|a Electronic journals.
|
| 856 |
4 |
0 |
|z Full text available from Research Library: 01/01/2012 to present
|u https://search.proquest.com/publication/2028929
|